| 000 | 00736cam a22002651 4500 | ||
|---|---|---|---|
| 001 | sa 68006211 | ||
| 003 | DLC | ||
| 005 | 20260227112514.0 | ||
| 008 | 891019s1967 ii 000 0 hino | ||
| 010 | _asa 68006211 | ||
| 035 | _a(OCoLC)20514331 | ||
| 040 |
_aDLC _cWaU _dDLC |
||
| 041 | 0 | _ahineng | |
| 042 | _apremarc | ||
| 050 | 0 | 0 |
_aPK1931 _b.B52 |
| 110 | 2 | _aBharatiya Hindi Parishad. | |
| 245 | 0 | 0 | _aBhāratīya Hindī Parishad: rajata jayantī samāroha aṅka, 1942-1967. |
| 260 | _c[1967] | ||
| 300 |
_a290 p. _c25 cm. |
||
| 500 | _aEnglish and Hindi. | ||
| 650 | 0 | _aHindi philology. | |
| 700 | 1 | _aLoṛhā, Kalyāṇamala. | |
| 700 | 1 |
_aŚukla, Govardhananātha, _d1915- |
|
| 700 | 1 |
_aChaturvedi, Ramswarup, _d1931- |
|
| 999 |
_c81174 _d81174 |
||